000 00493cam a2200193ua 4500
001 963
005 20260515113242.0
008 110425n ii |||gr||||Z||||||eng
040 _cMAIN
082 _a320.954
245 1 _aBharatar prasashan aru rajniti.
_cBy Purandar Gogoi.
250 _a1st.
260 _aDibrugarh.:
_bBanalata.,999.
300 _a356 p.:
_c23 cm.
653 _aPolitical science.
653 _aBharatar prasashan aru rajniti.
700 1 _aGogoi, Purandar.,
942 _cBK
999 _c883
_d883